[Event "GER-chT North U14"]
[Site "Magdeburg"]
[Date "2012.09.07"]
[Round "4.4"]
[White "Sagert, Yannik"]
[Black "Orning, Pascal"]
[Result "1-0"]
[WhiteElo "1000"]
[BlackElo "1550"]
[PlyCount "135"]
[EventDate "2012.09.06"]
[EventType "team-swiss"]
[EventRounds "7"]
[EventCountry "GER"]
[SourceTitle "EXT 2015"]
[Source "ChessBase"]
[SourceDate "2014.11.20"]
[SourceVersion "1"]
[SourceVersionDate "2014.11.20"]
[SourceQuality "1"]
[WhiteTeam "Hamburg Diogenes"]
[BlackTeam "Hagen"]
[WhiteTeamCountry "GER"]
[BlackTeamCountry "GER"]

1. g3 d5 2. Bg2 Bf5 3. Nf3 e6 4. d3 Nc6 5. 0-0 f6 6. Nbd2 Bd6 7. e4 dxe4 8. dxe4 Bg4 9. c3 e5 10. Re1 Qd7 11. Nc4 0-0-0 12. Qb3 Nge7 13. Be3 Qe6 14. Red1 g5 15. Rd2 Ng6 16. Qa4 a6 17. Na5 Nxa5 18. Qxa5 h5 19. b4 Qc4 20. Rc2 Qxe4 21. Ne1 Qc4 22. Rb1 Bf5 23. Bf1 Qe6 24. Nd3 h4 25. b5 Be7 26. bxa6 Qxa6 27. Qxa6 bxa6 28. Rd2 hxg3 29. fxg3 Rd5 30. Rbb2 Rhd8 31. Nb4 Rxd2 32. Bxd2 a5 33. Ba6+ Kd7 34. Bb5+ Kd6 35. Nc6 Rh8 36. Nxe7 Nxe7 37. c4 Rb8 38. Bxa5 c6 39. Bb4+ Kd7 40. Ba4 Bd3 41. Rd2 Rxb4 42. Rxd3+ Kc7 43. Bb3 c5 44. Kf2 Rb6 45. Ke3 Rd6 46. Rxd6 Kxd6 47. Ba4 Kc7 48. Kd3 Kb6 49. Bb5 Ka5 50. Kc3 Nf5 51. a4 Ne3 52. Kd3 Nf1 53. Ke4 Nxh2 54. Kd5 Kb6 55. a5+ Kxa5 56. Kxc5 Nf1 57. g4 Ne3 58. Bd7 Ka6 59. Be6 Kb7 60. Kd6 Kb6 61. c5+ Ka7 62. c6 Nxg4 63. Bxg4 e4 64. c7 e3 65. c8Q f5 66. Qc5+ Kb8 67. Qxe3 fxg4 68. Qxg5 1-0